| 000 | 00902cam a22002772 4500 | ||
|---|---|---|---|
| 001 | 11406 | ||
| 003 | BD-RjUL | ||
| 005 | 20211208235123.0 | ||
| 008 | 140126r19451943nyua b 001 0 eng d | ||
| 035 |
_a(BD-RjUL)11455 _aOCLC ocm01688527 from D971020M |
||
| 040 |
_aDLC _cFQG _dSER _dEQO _dBD-RjUL _beng |
||
| 041 | _aeng | ||
| 082 | 0 | 0 |
_a668.4 _bPOS 1945 |
| 100 | 1 |
_aPowers, Paul Odell, _d1897- _935256 |
|
| 245 | 1 | 0 |
_aSynthetic resins and rubbers / _cby Paul O. Powers. |
| 250 | _a1st ed. | ||
| 260 |
_aNew York : _bJ. Wiley & Sons, inc. ; _aLondon : _bChapman & Hall, ltd., _c1943 [reprinted 1945]. |
||
| 300 |
_av, 296 p. : _billus., diagrs. _c22 cm. |
||
| 504 | _aIncludes bibliographies and index. | ||
| 650 | 0 |
_aGums and resins, Synthetic. _935257 |
|
| 650 | 0 |
_aRubber, Artificial. _912780 |
|
| 650 | 0 |
_aPolymerization. _935258 |
|
| 942 |
_2ddc _cBK |
||
| 999 |
_c11406 _d11406 |
||